000 006300000a22002290004500
090 _aAR
_b03211
245 1 0 _aBotanical exploration in Venezuela - III
650 1 4 _aVegetación
_992799
650 1 4 _aBotánica
_9361
650 1 4 _aNuevas especies
_992905
650 1 4 _aTaxonomía vegetal
_992262
650 1 4 _aHábitat
_992506
650 1 4 _aMorfología vegetal
_918295
650 1 4 _aDistribución geográfica
_992997
651 4 _pVenezuela
_992749
653 _gAlloplectus
653 _gBesleria
653 _gColumnea
041 0 _aInglés
942 _cARTICULO
773 1 _tFieldiana Botany
_31392
_h2
_q521-535
_d1952
_g28
999 _c12266
_d12266